000 00801nab a2200241u 4500
001 17853
003 HDC
007 c| |||a|c|aaaa
008 210224b20140612my ||||| |||| 00| 0 may d
040 _aHDC
100 _aAhmad Suhael Adnan /
_eauthor
_99591
245 0 _aLarang guna lambang Islam /
_cAhmad Suhael Adnan
336 _atext
_2rdacontent
337 _acomputer
_2rdamedia
338 _aonline resource
_2rdacarrier
650 _aFederation of Malaysian Consumers Associations (FOMCA)
_916972
650 _aJAKIM
_97825
710 _aBERITA HARIAN
856 _zRequest full-text at [email protected]
942 _2lcc
942 _cNEWS
942 _kNWSC 005035
999 _c15169
_d15169